[Event "FB21 2122 SC Leipzig-Lindenau - TuS Cos"]
[Site "Berlin"]
[Date "2021.11.28"]
[Round "2.4"]
[White "Lorenz, Nicole"]
[Black "Moldenhauer, Antje"]
[Result "0-1"]
[WhiteElo "1910"]
[BlackElo "1770"]
[PlyCount "70"]
[EventDate "2021.??.??"]

1. e4 c5 2. Nf3 d6 3. d4 cxd4 4. Nxd4 Nf6 5. f3 g6 6. c4 Qb6 7. Nc3 Bd7 8. Be2
Bg7 9. Be3 Qxb2 10. Ndb5 Bxb5 11. Nxb5 Qb4+ 12. Kf2 Qa5 13. Nd4 Nc6 14. Rb1 Qc7
15. Qd2 O-O 16. Rhc1 Nxd4 17. Bxd4 b6 18. a4 Nd7 19. Be3 Nc5 20. Qc2 Rfc8 21.
Rb5 d5 22. exd5 Qxh2 23. Bf1 Be5 24. a5 Qg3+ 25. Ke2 Bf4 26. Bf2 Qg5 27. Rcb1
Qe5+ 28. Kd1 e6 29. axb6 axb6 30. Qb2 Qxb2 31. R5xb2 Na4 32. Rc2 exd5 33. Bxb6
Nxb6 34. Rxb6 Ra1+ 35. Ke2 Re8+ 0-1

[Event "FB21 2122 SC Leipzig-Lindenau - TuS Cos"]
[Site "Berlin"]
[Date "2021.11.28"]
[Round "2.5"]
[White "Gebhardt, Christine"]
[Black "Neumeyer, Hannelore"]
[Result "1/2-1/2"]
[WhiteElo "1706"]
[BlackElo "1872"]
[PlyCount "57"]
[EventDate "2021.??.??"]

1. e4 c6 2. d4 d5 3. exd5 cxd5 4. Bd3 Nc6 5. c3 Nf6 6. Bf4 h6 7. Nd2 g5 8. Bg3
h5 9. h3 Bh6 10. Be5 Bg7 11. Ngf3 g4 12. Ng5 Kf8 13. hxg4 Nxe5 14. dxe5 Nxg4
15. f4 Qb6 16. Qe2 f6 17. Nh7+ Kf7 18. Nf3 Qe3 19. Rxh5 Qxf4 20. e6+ Bxe6 21.
Nfg5+ fxg5 22. Nxg5+ Ke8 23. Bb5+ Bd7 24. Bxd7+ Kxd7 25. Qe6+ Kc7 26. Qxe7+ Kb6
27. Qe6+ Kc7 28. Qe7+ Kb6 29. Qe6+ 1/2-1/2

[Event "FB21 2122 SC Rochade Zeulenroda - SC Ba"]
[Site "?"]
[Date "2022.02.20"]
[Round "3.1"]
[White "Arnhold, Steffi"]
[Black "Wagner, Victoria"]
[Result "0-1"]
[WhiteElo "2117"]
[BlackElo "1802"]
[PlyCount "90"]
[EventDate "2022.??.??"]

1. e4 c5 2. Nf3 d6 3. d4 cxd4 4. Nxd4 Nf6 5. Nc3 a6 6. Bg5 Nbd7 7. Qd2 b5 8.
Bd3 Bb7 9. a3 e6 10. O-O Be7 11. Kh1 O-O 12. f4 Rc8 13. Rae1 h6 14. Bh4 Qc7 15.
Qe2 Nc5 16. Bg3 Qd7 17. Rd1 Nxd3 18. cxd3 Rfd8 19. Be1 Nh7 20. Nf3 a5 21. Nb1
Qc7 22. Bc3 d5 23. e5 b4 24. axb4 axb4 25. Bd4 Qc2 26. Rd2 Qa4 27. h3 Rc6 28.
Be3 Rdc8 29. b3 Qa8 30. Ra2 Ra6 31. Rc2 Rxc2 32. Qxc2 Rc6 33. Qf2 Qc8 34. Nd4
Rc7 35. f5 Bc5 36. Nb5 Bxe3 37. Qxe3 Rc2 38. Nd6 d4 39. Qxd4 Bxg2+ 40. Kg1 Qc6
41. Re1 Ng5 42. Re3 Nf3+ 43. Rxf3 Qxf3 44. Nxf7 Rc1+ 45. Kh2 Qxh3# 0-1

[Event "FB21 2122 SC Rochade Zeulenroda - SC Ba"]
[Site "?"]
[Date "2022.02.20"]
[Round "3.2"]
[White "Wagner, Margarethe"]
[Black "Bardorz, Jana"]
[Result "1-0"]
[WhiteElo "1857"]
[BlackElo "1923"]
[PlyCount "67"]
[EventDate "2022.??.??"]

1. e4 e5 2. Nf3 Nc6 3. Bb5 a6 4. Ba4 Nf6 5. O-O Be7 6. Re1 b5 7. Bb3 d6 8. c3
O-O 9. a4 Bb7 10. d3 Na5 11. Bc2 c5 12. Nbd2 Re8 13. Nf1 Bf8 14. Ng3 g6 15. h4
h5 16. Bg5 Be7 17. Qd2 Ng4 18. b4 cxb4 19. cxb4 Nc6 20. axb5 Bxg5 21. Nxg5 Nd4
22. bxa6 Bxa6 23. Ba4 Re7 24. Ne2 Qb6 25. Nxd4 Qxd4 26. Bc6 Raa7 27. b5 Bb7 28.
Rxa7 Qxa7 29. Qb2 Qb6 30. Rc1 Rc7 31. Qa2 Qxb5 32. Nxf7 Bxc6 33. Nxd6+ Bd5 34.
Rxc7 1-0

[Event "FB21 2122 SC Rochade Zeulenroda - SC Ba"]
[Site "?"]
[Date "2022.02.20"]
[Round "3.4"]
[White "Jacke, Corinna"]
[Black "Oberhofer, Marie"]
[Result "1-0"]
[WhiteElo "1940"]
[BlackElo "1734"]
[PlyCount "65"]
[EventDate "2022.??.??"]

1. e4 c5 2. Nf3 d6 3. d4 cxd4 4. Nxd4 Nf6 5. Nc3 g6 6. f3 Bg7 7. Be3 O-O 8. Qd2
Nc6 9. O-O-O d5 10. exd5 Nxd5 11. Nxc6 bxc6 12. Nxd5 cxd5 13. h4 Qc7 14. g4 Rb8
15. Bd4 e5 16. Qh2 Be6 17. Bd3 Qa5 18. Bxe5 Bxe5 19. Qxe5 Qxa2 20. b3 Rfc8 21.
h5 Rxb3 22. hxg6 Rb1+ 23. Kd2 Rxd1+ 24. Rxd1 Qa5+ 25. Ke2 hxg6 26. Rh1 Rxc2+
27. Bxc2 Qa6+ 28. Kd1 Kf8 29. Qf6 Ke8 30. Rh8+ Kd7 31. Rd8+ Kc6 32. Qc3+ Kb7
33. Qb4+ 1-0

[Event "FB21 2122 SC Rochade Zeulenroda - SC Ba"]
[Site "?"]
[Date "2022.02.20"]
[Round "3.5"]
[White "Horther-Schneider, Elsbeth"]
[Black "Dietrich, Mareike"]
[Result "0-1"]
[WhiteElo "1806"]
[BlackElo "1773"]
[PlyCount "68"]
[EventDate "2022.??.??"]

1. e4 c5 2. Nc3 a6 3. f4 b5 4. d3 Bb7 5. Nf3 e6 6. g3 d5 7. exd5 exd5 8. Bg2
Nf6 9. O-O Nc6 10. Ne5 Be7 11. Ng4 Nd4 12. Ne5 O-O 13. Ne2 Nc6 14. c3 Re8 15.
d4 Rc8 16. Be3 Qb6 17. a3 Na5 18. dxc5 Bxc5 19. Bxc5 Qxc5+ 20. Nd4 Qb6 21. Kh1
Nc4 22. Qc1 Nxe5 23. fxe5 Rxe5 24. Nf5 Ne4 25. Qf4 Rce8 26. Rad1 Qg6 27. Nh4
Qe6 28. Nf5 Bc8 29. Nd4 Qg6 30. Nf3 Rf5 31. Qc7 Qd6 32. Qxd6 Nxd6 33. Bh3 Rxf3
34. Bxc8 Rxf1+ 0-1

[Event "FB21 2122 SC Rochade Zeulenroda - SC Ba"]
[Site "?"]
[Date "2022.02.20"]
[Round "3.6"]
[White "Riemer-Nlula, Marion"]
[Black "Prinzen, Siri Marleen"]
[Result "1/2-1/2"]
[WhiteElo "1810"]
[BlackElo "1714"]
[PlyCount "35"]
[EventDate "2022.??.??"]

1. e4 c6 2. d4 d5 3. exd5 cxd5 4. Bd3 Qc7 5. Ne2 Nc6 6. Bf4 Qa5+ 7. c3 g6 8.
O-O Bg7 9. Nd2 Nf6 10. Ng3 O-O 11. h4 Re8 12. Re1 Nd7 13. h5 e5 14. hxg6 hxg6
15. dxe5 Ndxe5 16. Bxe5 Rxe5 17. Qc2 Bd7 18. Nf3 1/2-1/2

[Event "FB21 2122 SC Rotation Pankow - TuS Cosw"]
[Site "?"]
[Date "2022.02.20"]
[Round "3.1"]
[White "Moses, Selina"]
[Black "Wagner-Michel, Annett"]
[Result "0-1"]
[WhiteElo "1872"]
[BlackElo "2102"]
[PlyCount "64"]
[EventDate "2022.??.??"]

1. e4 c5 2. Nf3 Nc6 3. d4 cxd4 4. Nxd4 Nf6 5. Nc3 d6 6. Bg5 e6 7. Qd2 a6 8. f3
h6 9. Be3 Be7 10. O-O-O Bd7 11. g4 b5 12. h4 Nxd4 13. Qxd4 Qa5 14. Kb1 b4 15.
Ne2 e5 16. Qb6 Qxb6 17. Bxb6 Bc6 18. Bg2 d5 19. g5 hxg5 20. hxg5 Rxh1 21. Bxh1
Nd7 22. exd5 Bb5 23. f4 Nxb6 24. Ng3 Rd8 25. fxe5 Bxg5 26. Nf5 Kf8 27. Nd6 Bf4
28. Nb7 Rb8 29. d6 Bxe5 30. Be4 Nd7 31. Rh1 g6 32. Rd1 Kg7 0-1

[Event "FB21 2122 SC Rotation Pankow - TuS Cosw"]
[Site "?"]
[Date "2022.02.20"]
[Round "3.2"]
[White "Jahn, Constanze"]
[Black "Richter, Ulrike"]
[Result "1/2-1/2"]
[WhiteElo "2043"]
[BlackElo "1930"]
[PlyCount "66"]
[EventDate "2022.??.??"]

1. e4 c5 2. Nf3 Nc6 3. c3 Nf6 4. e5 Nd5 5. d4 d6 6. dxc5 dxe5 7. Bb5 Bg4 8.
Bxc6+ bxc6 9. Qa4 Bd7 10. Nxe5 e6 11. Qd4 f6 12. Nxd7 Qxd7 13. b4 e5 14. Qe4
Kf7 15. O-O Re8 16. a4 f5 17. Qc4 Kf6 18. f4 Kg6 19. fxe5 Rxe5 20. Qh4 Qe6 21.
Qg3+ Kf7 22. Na3 Be7 23. Nc2 h5 24. Nd4 h4 25. Qd3 Qd7 26. Nxf5 Bf6 27. c4 Kg8
28. Ra3 Rh5 29. cxd5 Rxd5 30. Qc4 Rhxf5 31. Rxf5 Qxf5 32. Rf3 Qe6 33. Qf1 Re5
1/2-1/2

[Event "FB21 2122 SC Rotation Pankow - TuS Cosw"]
[Site "?"]
[Date "2022.02.20"]
[Round "3.3"]
[White "Moldenhauer, Antje"]
[Black "Wolf, Sylvia"]
[Result "0-1"]
[WhiteElo "1808"]
[BlackElo "2032"]
[PlyCount "74"]
[EventDate "2022.??.??"]

1. e4 c5 2. Nf3 d6 3. d4 cxd4 4. Nxd4 Nf6 5. Nc3 a6 6. Bd3 e5 7. Nb3 Be6 8. O-O
Nbd7 9. f4 b5 10. f5 Bxb3 11. axb3 Be7 12. Be3 Nc5 13. h3 O-O 14. b4 Ncd7 15.
Qf3 Nb6 16. Rad1 Rc8 17. g4 Ne8 18. Nd5 Nxd5 19. exd5 Bg5 20. Rd2 h6 21. Rh2
Bxe3+ 22. Qxe3 f6 23. h4 Kf7 24. b3 Rc3 25. Qa7+ Nc7 26. Rg2 Qe7 27. Be4 Ke8
28. Kh2 Kd7 29. Ra1 Ra8 30. Qf2 Ne8 31. Qd2 Rc7 32. g5 hxg5 33. hxg5 fxg5 34.
Qxg5 Kc8 35. Qg6 Nf6 36. Bd3 e4 37. Bxb5 Qe5+ 0-1

[Event "FB21 2122 SC Rotation Pankow - TuS Cosw"]
[Site "?"]
[Date "2022.02.20"]
[Round "3.5"]
[White "Fruebing, Simone"]
[Black "Heyme, Sibylle"]
[Result "0-1"]
[WhiteElo "1745"]
[BlackElo "2015"]
[PlyCount "78"]
[EventDate "2022.??.??"]

1. Nf3 Nf6 2. g3 g6 3. Bg2 Bg7 4. O-O d5 5. d4 O-O 6. c3 c6 7. Nbd2 Na6 8. Ne5
Nc7 9. f4 Nb5 10. a4 Nd6 11. Ndf3 Qc7 12. Nd3 Bf5 13. Nfe1 Be4 14. e3 Rad8 15.
Nf2 Bxg2 16. Kxg2 b6 17. Qe2 Rfe8 18. Nfd3 Nfe4 19. Nb4 Qd7 20. Ned3 f6 21. Nf2
e5 22. Nxe4 Nxe4 23. Qf3 c5 24. dxc5 bxc5 25. Nd3 Qc8 26. Nf2 Qb7 27. Nxe4 dxe4
28. Qe2 Rd3 29. fxe5 Rxe5 30. Ra3 c4 31. a5 Qd7 32. b4 f5 33. Qa2 Qc6 34. Qe2
Red5 35. Re1 Bxc3 36. Rf1 Bxb4 37. Rxd3 exd3 38. Qf3 d2 39. e4 Rd3 0-1

[Event "FB21 2122 SC Rotation Pankow - TuS Cosw"]
[Site "?"]
[Date "2022.02.20"]
[Round "3.6"]
[White "Seils, Gudula"]
[Black "Puehrer, Anne"]
[Result "0-1"]
[WhiteElo "2038"]
[BlackElo "1680"]
[PlyCount "106"]
[EventDate "2022.??.??"]

1. c4 Nf6 2. Nc3 e5 3. g3 Bc5 4. Bg2 O-O 5. e3 Re8 6. Nge2 c6 7. d4 exd4 8.
Nxd4 Bb4 9. Bd2 d6 10. O-O Bg4 11. Qc2 Nbd7 12. b3 Ne5 13. f4 Ned7 14. h3 Bh5
15. Rae1 Qa5 16. g4 Nxg4 17. hxg4 Bxg4 18. Bf3 Qh5 19. Rf2 Bxf3 20. Nxf3 Re6
21. Ng5 Rg6 22. Qf5 Ne5 23. Kg2 h6 24. Rh1 Qg4+ 25. Qxg4 Nxg4 26. Re2 hxg5 27.
f5 Rh6 28. e4 f6 29. Rh3 Rxh3 30. Kxh3 Ne5 31. Kg3 Kf7 32. Rh2 Re8 33. Re2 Rh8
34. Be1 Nd3 35. Bd2 Nf4 36. Rh2 Rxh2 37. Kxh2 Bxc3 38. Bxc3 Nd3 39. Bd2 Nc5 40.
Be3 a6 41. e5 Ne4 42. e6+ Ke7 43. Kh3 Nc3 44. a3 b5 45. cxb5 axb5 46. Kg4 Ne4
47. Kf3 d5 48. b4 Ke8 49. Bd4 Nd6 50. Kg4 Nc4 51. Bc5 Nxa3 52. Kh5 Nc2 53. Kg6
d4 0-1

[Event "FB21 2122 SV Medizin Erfurt - SV Merseb"]
[Site "?"]
[Date "2022.02.20"]
[Round "3.1"]
[White "Pflug, Tanja"]
[Black "Ratay, Meike"]
[Result "1/2-1/2"]
[WhiteElo "2017"]
[BlackElo "1973"]
[PlyCount "49"]
[EventDate "2022.??.??"]

1. d4 Nf6 2. Bf4 e6 3. e3 Be7 4. Nd2 d5 5. c3 O-O 6. Ngf3 c5 7. Bd3 Nc6 8. Ne5
Nxe5 9. dxe5 Nd7 10. Qh5 g6 11. Qh3 Qb6 12. Rb1 f6 13. Qh6 Nxe5 14. Bxe5 fxe5
15. Bxg6 hxg6 16. Qxg6+ Kh8 17. Qh6+ Kg8 18. Qg6+ Kh8 19. Qh5+ Kg7 20. Qxe5+
Bf6 21. Qh5 Rh8 22. Qg4+ Kf7 23. e4 Qc6 24. Qf3 Ke7 25. Rd1 1/2-1/2

[Event "FB21 2122 SV Medizin Erfurt - SV Merseb"]
[Site "?"]
[Date "2022.02.20"]
[Round "3.2"]
[White "Reuter, Elisa"]
[Black "Hartung, Katja"]
[Result "1/2-1/2"]
[WhiteElo "1849"]
[BlackElo "1926"]
[PlyCount "42"]
[EventDate "2022.??.??"]

1. e4 e5 2. Nf3 Nc6 3. Bc4 Bc5 4. c3 Nf6 5. d3 d6 6. Nbd2 Bg4 7. h3 Bh5 8. Nf1
d5 9. exd5 Nxd5 10. Ng3 Bg6 11. O-O O-O 12. Re1 Nb6 13. Bb5 f6 14. Ne4 Bxe4 15.
dxe4 Ne7 16. Qc2 c6 17. Bf1 Ng6 18. a4 a5 19. Rd1 Qe7 20. Rb1 Kh8 21. Re1 Rad8
1/2-1/2

[Event "FB21 2122 SV Medizin Erfurt - SV Merseb"]
[Site "?"]
[Date "2022.02.20"]
[Round "3.3"]
[White "Domaske, Susann"]
[Black "Mueller-Ludwig, Kristin"]
[Result "0-1"]
[WhiteElo "1817"]
[BlackElo "2008"]
[PlyCount "54"]
[EventDate "2022.??.??"]

1. d4 Nf6 2. c4 g6 3. Nf3 Bg7 4. Bg5 d6 5. h3 c5 6. Nc3 cxd4 7. Nxd4 h6 8. Bxf6
Bxf6 9. e3 Nc6 10. Nxc6 bxc6 11. Rc1 O-O 12. Bd3 Qa5 13. Qc2 Rb8 14. O-O Bg7
15. Rb1 Be6 16. Rfc1 d5 17. Qe2 Rfc8 18. a3 Rc7 19. Nd1 Rcb7 20. cxd5 cxd5 21.
Kf1 Rb3 22. Bc2 Bxb2 23. Nxb2 Rxb2 24. Rxb2 Rxb2 25. Qd1 Qxa3 26. Qd4 Ra2 27.
Rb1 Rxc2 0-1

[Event "FB21 2122 SV Medizin Erfurt - SV Merseb"]
[Site "?"]
[Date "2022.02.20"]
[Round "3.6"]
[White "Umpfenbach, Carolin"]
[Black "Schoenrock, Gabriele"]
[Result "1-0"]
[WhiteElo "2061"]
[BlackElo "1540"]
[PlyCount "51"]
[EventDate "2022.??.??"]

1. d4 d6 2. c4 Nf6 3. Nc3 g6 4. e4 Bg7 5. f3 O-O 6. Be3 Nbd7 7. Nge2 c5 8. Qd2
b6 9. Rd1 Bb7 10. d5 Ne5 11. Ng3 Ba6 12. b3 Qc7 13. Be2 Rad8 14. Bh6 Ne8 15. h4
Bc8 16. h5 Nf6 17. Qg5 a6 18. Rh4 Qd7 19. Kd2 a5 20. Rdh1 Rfe8 21. Bxg7 Kxg7
22. Nf5+ Kh8 23. hxg6 fxg6 24. Rxh7+ Nxh7 25. Rxh7+ Kxh7 26. Qh6+ 1-0

[Event "FB21 2122 SC Leipzig-Lindenau - SG Leip"]
[Site "?"]
[Date "2022.03.19"]
[Round "3.1"]
[White "Halas, Julia"]
[Black "Spangenberg, Pia"]
[Result "1-0"]
[WhiteElo "2010"]
[BlackElo "1802"]
[PlyCount "75"]
[EventDate "2022.??.??"]

1. d4 d5 2. c4 e6 3. Nc3 Nf6 4. cxd5 Nxd5 5. e4 Nxc3 6. bxc3 c5 7. Nf3 Nc6 8.
Be2 cxd4 9. cxd4 Bb4+ 10. Bd2 O-O 11. Bxb4 Nxb4 12. O-O b6 13. Qa4 Qd6 14. Rac1
Bd7 15. Qb3 Rac8 16. a3 Rxc1 17. Rxc1 Nc6 18. Qe3 f6 19. Bc4 Na5 20. Ba2 Rc8
21. Rxc8+ Bxc8 22. Qc3 Bb7 23. e5 Qd7 24. exf6 gxf6 25. Nd2 Kf7 26. f3 Ke7 27.
Qd3 f5 28. Qe3 Nc6 29. d5 Nd8 30. Qg5+ Kd6 31. dxe6 Nxe6 32. Qxf5 Bc8 33. Ne4+
Kc7 34. Bxe6 Qxe6 35. Qxh7+ Kb8 36. Qh8 b5 37. Qd4 Qc6 38. Qc5 1-0

[Event "FB21 2122 SC Leipzig-Lindenau - SG Leip"]
[Site "?"]
[Date "2022.03.19"]
[Round "3.2"]
[White "Weimert, Miriam"]
[Black "Beltz, Franziska"]
[Result "1-0"]
[WhiteElo "1907"]
[BlackElo "2071"]
[PlyCount "117"]
[EventDate "2022.??.??"]

1. e4 c5 2. Nf3 d6 3. d4 cxd4 4. Nxd4 Nf6 5. f3 a6 6. c4 g6 7. Nc3 Bg7 8. Be3
O-O 9. Be2 Nc6 10. Nc2 Qa5 11. O-O Nd7 12. Qd2 Rb8 13. Rab1 Nde5 14. b4 Qd8 15.
Nd5 b5 16. cxb5 axb5 17. Na3 e6 18. Bxb5 exd5 19. f4 d4 20. Bf2 Na7 21. Be2 Ng4
22. Bxd4 Bxd4+ 23. Qxd4 Qb6 24. Qxb6 Rxb6 25. Nc4 Rc6 26. b5 Nxb5 27. Rxb5 Ba6
28. Rb4 Ne3 29. Nxe3 Bxe2 30. Re1 Ba6 31. Nd5 Rc2 32. a4 Bc4 33. Ne3 Re2 34.
Rxe2 Bxe2 35. Kf2 Ba6 36. Nd5 Rd8 37. Ke3 Kf8 38. a5 Bf1 39. Kf2 Bd3 40. Ra4
Ba6 41. Nc7 Bc8 42. a6 Ke7 43. a7 Bb7 44. Rb4 Bc6 45. Nd5+ Bxd5 46. exd5 Ra8
47. Rb7+ Kf6 48. Ke3 h6 49. Kd4 g5 50. fxg5+ hxg5 51. Kc4 Ke5 52. Kb5 Kxd5 53.
Rxf7 Ke4 54. Re7+ Kd4 55. Kb6 d5 56. Kb7 Rf8 57. a8=Q Rxa8 58. Kxa8 Kc3 59. Re5
1-0

[Event "FB21 2122 SC Leipzig-Lindenau - SG Leip"]
[Site "?"]
[Date "2022.03.19"]
[Round "3.3"]
[White "Gempe, Anet"]
[Black "Spangenberg, Romy"]
[Result "1-0"]
[WhiteElo "1980"]
[BlackElo "1866"]
[PlyCount "65"]
[EventDate "2022.??.??"]

1. e4 c5 2. Nf3 e6 3. a3 Nc6 4. d4 cxd4 5. Nxd4 Nf6 6. Nc3 Be7 7. Be2 O-O 8.
Be3 a6 9. O-O b5 10. Nb3 Qc7 11. f3 Rd8 12. Qe1 d5 13. Qf2 Rd7 14. Bb6 Qb7 15.
Rad1 dxe4 16. fxe4 Bf8 17. Bf3 Ne5 18. Na5 Qb8 19. Bd4 Bd6 20. h3 Nxf3+ 21.
Qxf3 e5 22. Be3 Qc7 23. Nd5 Nxd5 24. Rxd5 f6 25. Rfd1 Qxa5 26. Rxd6 Rxd6 27.
Rxd6 Qc7 28. Qd1 Rb8 29. Qd5+ Kf8 30. Rd8+ Ke7 31. Bc5+ Qxc5+ 32. Qxc5+ Kxd8
33. Qd6+ 1-0

[Event "FB21 2122 SC Leipzig-Lindenau - SG Leip"]
[Site "?"]
[Date "2022.03.19"]
[Round "3.4"]
[White "Herbrig, Marie-Helen"]
[Black "Beltz, Martina"]
[Result "1-0"]
[WhiteElo "1866"]
[BlackElo "1908"]
[PlyCount "123"]
[EventDate "2022.??.??"]

1. d4 d5 2. Nf3 e6 3. Bf4 Nf6 4. e3 Be7 5. Bd3 O-O 6. Nbd2 b6 7. O-O c5 8. c3
Ba6 9. Qe2 Bxd3 10. Qxd3 Nbd7 11. h3 Re8 12. Rfe1 Nf8 13. Rad1 Ng6 14. Bg3 Rc8
15. e4 cxd4 16. Nxd4 dxe4 17. Nxe4 Qd5 18. Qb1 Qb7 19. Nb5 Nxe4 20. Qxe4 Qxe4
21. Rxe4 Red8 22. Rxd8+ Rxd8 23. Nxa7 Rd1+ 24. Kh2 Rd2 25. b4 Rxa2 26. Nc8 b5
27. Rd4 Bf6 28. Rd7 h5 29. Rc7 h4 30. Bd6 Rxf2 31. Na7 e5 32. Kg1 Rd2 33. Nxb5
Nf4 34. Rc8+ Kh7 35. Re8 Rxg2+ 36. Kf1 Rg5 37. c4 Nxh3 38. c5 Nf4 39. Nd4 h3
40. Nf3 Rg3 41. Nh2 Re3 42. Ra8 Nd3 43. Ra1 Nxb4 44. Rb1 Nc6 45. Kf2 Rc3 46.
Rh1 Bh4+ 47. Ke2 Nd4+ 48. Kd2 Rc2+ 49. Kd3 Ra2 50. Bxe5 Nc6 51. Bd6 Ra3+ 52.
Ke4 Kg6 53. Rg1+ Kf6 54. Kd5 Ra6 55. Rf1+ Kg6 56. Rb1 Bf2 57. Rb3 f5 58. Rxh3
Kf6 59. Rf3 Nb4+ 60. Kc4 Be1 61. Re3 Ra1 62. Be5+ 1-0

[Event "FB21 2122 SC Leipzig-Lindenau - SG Leip"]
[Site "?"]
[Date "2022.03.19"]
[Round "3.5"]
[White "Oswald, Lena"]
[Black "Lowke, Kathrin"]
[Result "1-0"]
[WhiteElo "1768"]
[BlackElo "1863"]
[PlyCount "51"]
[EventDate "2022.??.??"]

1. e4 c5 2. Nf3 Nc6 3. d4 cxd4 4. Nxd4 g6 5. Bc4 Nf6 6. f3 Bg7 7. Be3 O-O 8.
Nc3 d6 9. Qd2 Na5 10. Bb3 Nxb3 11. axb3 Re8 12. Bh6 Bh8 13. h4 b6 14. h5 e5 15.
Ndb5 d5 16. hxg6 hxg6 17. Bg5 dxe4 18. Qxd8 Rxd8 19. Rxh8+ Kxh8 20. Bxf6+ Kg8
21. Bxd8 exf3 22. gxf3 Bf5 23. Bf6 Bxc2 24. Kf2 g5 25. Rh1 Bh7 26. Nd5 1-0

[Event "FB21 2122 SC Leipzig-Lindenau - SG Leip"]
[Site "?"]
[Date "2022.03.19"]
[Round "3.6"]
[White "Lorenz, Nicole"]
[Black "Oswald, Hannah"]
[Result "0-1"]
[WhiteElo "1889"]
[BlackElo "1675"]
[PlyCount "98"]
[EventDate "2022.??.??"]

1. e4 e5 2. Bc4 Nf6 3. d3 Bc5 4. Nf3 Nc6 5. Bb3 O-O 6. c3 h6 7. O-O d5 8. Qe2
dxe4 9. dxe4 Bg4 10. Nbd2 Nh5 11. g3 Nf6 12. Nc4 Qc8 13. Bc2 Qe6 14. Ne3 Bh3
15. Re1 Ng4 16. Nh4 Nxe3 17. Bxe3 Bxe3 18. Qxe3 Qf6 19. b4 a5 20. b5 Na7 21. a4
Nc8 22. Red1 Nb6 23. Qc5 Rac8 24. Bb3 g5 25. Ng2 Qf3 26. Ne1 Qxe4 27. Bc2 Qg4
28. Qxe5 Rfe8 29. Qf6 Qh5 30. Bb3 Nd7 31. Qd4 Rcd8 32. Qd5 Be6 33. Qxb7 Bxb3
34. Rdb1 Be6 35. Qxc7 Bf5 36. Rd1 Bh3 37. c4 Rc8 38. Qb7 Rxc4 39. Rxd7 Bxd7 40.
Qxd7 Qe2 41. b6 Rb4 42. Qc6 Qe6 43. Qc5 Qxb6 44. Qf5 Rb8 45. Ra3 Qe6 46. Qxe6
fxe6 47. Nd3 Rb3 48. Rxb3 Rxb3 49. Nc5 Rb4 0-1

[Event "FB21 2122 SV Merseburg - SG Leipzig"]
[Site "?"]
[Date "2022.03.19"]
[Round "4.1"]
[White "Halas, Julia"]
[Black "Pflug, Tanja"]
[Result "1-0"]
[WhiteElo "2010"]
[BlackElo "2016"]
[PlyCount "63"]
[EventDate "2022.??.??"]

1. d4 f5 2. c4 Nf6 3. g3 g6 4. Bg2 Bg7 5. Nc3 d6 6. Nh3 c6 7. O-O O-O 8. f3 e5
9. dxe5 dxe5 10. Nf2 Be6 11. b3 Qc7 12. Qc2 Na6 13. a3 Rad8 14. e4 Rd7 15. Bb2
Rfd8 16. Rad1 b5 17. Rxd7 Rxd7 18. cxb5 cxb5 19. b4 Bc4 20. Rd1 f4 21. Rxd7
Qxd7 22. Bf1 Bxf1 23. Kxf1 fxg3 24. hxg3 Nh5 25. Kg2 Nc7 26. Qd3 Qe7 27. Nxb5
Ne6 28. Qd5 a6 29. Nc7 Kf7 30. Nxe6 Qxe6 31. Qxe6+ Kxe6 32. Nd3 1-0

[Event "FB21 2122 SV Merseburg - SG Leipzig"]
[Site "?"]
[Date "2022.03.19"]
[Round "4.2"]
[White "Moritz, Cornelia"]
[Black "Beltz, Franziska"]
[Result "0-1"]
[WhiteElo "1812"]
[BlackElo "2071"]
[PlyCount "54"]
[EventDate "2022.??.??"]

1. e4 c5 2. Nc3 e6 3. g3 Nc6 4. Bg2 g6 5. f4 d6 6. Nf3 Bg7 7. O-O Nge7 8. d3
O-O 9. h3 Rb8 10. Ne2 b5 11. g4 f5 12. exf5 gxf5 13. g5 e5 14. c3 b4 15. Nh4
Be6 16. c4 d5 17. fxe5 dxc4 18. Nf4 Bc8 19. dxc4 Bxe5 20. g6 Qxd1 21. gxh7+
Kxh7 22. Rxd1 Nd4 23. Nd3 Bf6 24. Nf3 Rg8 25. Kf2 Bb7 26. Nxc5 Rxg2+ 27. Kxg2
Bxf3+ 0-1

[Event "FB21 2122 SV Merseburg - SG Leipzig"]
[Site "?"]
[Date "2022.03.19"]
[Round "4.3"]
[White "Gempe, Anet"]
[Black "Domaske, Susann"]
[Result "1/2-1/2"]
[WhiteElo "1980"]
[BlackElo "1807"]
[PlyCount "41"]
[EventDate "2022.??.??"]

1. e4 e5 2. Nf3 Nc6 3. Bc4 Bc5 4. c3 d6 5. a4 a6 6. b4 Ba7 7. d3 h6 8. Nbd2 Nf6
9. O-O O-O 10. h3 Be6 11. Bxe6 fxe6 12. Nc4 Qe8 13. Be3 Bxe3 14. Nxe3 Nh5 15.
g3 Qf7 16. Nh4 g5 17. Ng4 Kg7 18. Ng2 Qf3 19. Nh2 Qxd1 20. Rfxd1 Rf7 21. Ne3
1/2-1/2

[Event "FB21 2122 SV Medizin Erfurt - SC Leipzi"]
[Site "?"]
[Date "2022.03.19"]
[Round "4.1"]
[White "Spangenberg, Pia"]
[Black "Ratay, Meike"]
[Result "1/2-1/2"]
[WhiteElo "1802"]
[BlackElo "1974"]
[PlyCount "83"]
[EventDate "2022.??.??"]

1. e4 c5 2. Nf3 d6 3. d4 cxd4 4. Nxd4 Nf6 5. Nc3 a6 6. Be2 e5 7. Nb3 Be7 8. O-O
O-O 9. Be3 Be6 10. f3 Nbd7 11. Nd5 Bxd5 12. exd5 b5 13. a4 Nb6 14. axb5 Nbxd5
15. Bf2 axb5 16. Bxb5 Rxa1 17. Qxa1 Nc7 18. Bd3 d5 19. Re1 Bd6 20. c3 Ne6 21.
Nd2 Nf4 22. Bf1 Qc7 23. b4 Rc8 24. g3 Ne6 25. Ba6 Ra8 26. Rc1 Bxb4 27. cxb4
Rxa6 28. Qxa6 Qxc1+ 29. Nf1 d4 30. b5 Nd7 31. Qa8+ Nef8 32. Qc6 Qb1 33. Kg2 Qb4
34. f4 f6 35. Qd5+ Kh8 36. g4 h6 37. fxe5 fxe5 38. h4 Qc5 39. Qxc5 Nxc5 40. Nd2
Nfe6 41. Kf3 Nc7 42. Ne4 1/2-1/2

[Event "FB21 2122 SV Medizin Erfurt - SC Leipzi"]
[Site "?"]
[Date "2022.03.19"]
[Round "4.2"]
[White "Nguyen, Ha Thanh"]
[Black "Weimert, Miriam"]
[Result "1/2-1/2"]
[WhiteElo "1960"]
[BlackElo "1907"]
[PlyCount "40"]
[EventDate "2022.??.??"]

1. e4 g6 2. d4 c6 3. Nc3 d5 4. h3 dxe4 5. Nxe4 Nf6 6. Nxf6+ exf6 7. Bc4 Qe7+ 8.
Qe2 Bf5 9. c3 a5 10. a4 Na6 11. Qxe7+ Bxe7 12. Ne2 Nc7 13. Bf4 Nd5 14. Bg3 g5
15. Bb3 Bd3 16. Kd2 Bxe2 17. Kxe2 f5 18. Rhe1 f4 19. Bh2 O-O 20. Kf1 Bd6
1/2-1/2

[Event "FB21 2122 SV Medizin Erfurt - SC Leipzi"]
[Site "?"]
[Date "2022.03.19"]
[Round "4.3"]
[White "Spangenberg, Romy"]
[Black "Reuter, Elisa"]
[Result "0-1"]
[WhiteElo "1866"]
[BlackElo "1853"]
[PlyCount "114"]
[EventDate "2022.??.??"]

1. e4 c5 2. Nf3 Nc6 3. d4 cxd4 4. Nxd4 g6 5. Be3 Bg7 6. Nc3 Nf6 7. Be2 O-O 8.
Qd2 d5 9. exd5 Nxd5 10. Nxd5 Qxd5 11. Bf3 Qc4 12. Nxc6 bxc6 13. c3 Bf5 14. Be2
Qe4 15. O-O Rfd8 16. Qc1 a5 17. Bf3 Qc4 18. Bh6 Bxh6 19. Qxh6 Rab8 20. Qc1 Qb5
21. b4 axb4 22. cxb4 Qxb4 23. Qxc6 Qa3 24. Rfe1 Rdc8 25. Qd5 Rc2 26. h3 Qa7 27.
Re2 Rxe2 28. Bxe2 Rb2 29. Qf3 Rxa2 30. Rxa2 Qxa2 31. Qe3 Qe6 32. Qd2 Qd6 33.
Qe3 e5 34. Bf3 Kg7 35. Qb3 e4 36. Be2 Qd2 37. Qd1 Qxd1+ 38. Bxd1 Kf6 39. Kh2
Be6 40. Kg3 Ke5 41. h4 f5 42. Kh2 Bc4 43. g3 Be6 44. Kg1 f4 45. gxf4+ Kxf4 46.
Kh2 Bg4 47. Bb3 Be2 48. Bg8 h6 49. Bf7 Bh5 50. Be6 Kf3 51. Kg1 Bg4 52. Bb3 e3
53. fxe3 Kg3 54. Bf7 Bh5 55. Be6 Kxh4 56. Kh2 Bf3 57. Bd7 Be4 0-1

[Event "FB21 2122 SV Medizin Erfurt - SC Leipzi"]
[Site "?"]
[Date "2022.03.19"]
[Round "4.4"]
[White "Mueller-Ludwig, Kristin"]
[Black "Herbrig, Marie-Helen"]
[Result "1-0"]
[WhiteElo "2013"]
[BlackElo "1866"]
[PlyCount "79"]
[EventDate "2022.??.??"]

1. e4 c5 2. Nf3 Nc6 3. d4 cxd4 4. Nxd4 Nf6 5. Nc3 d6 6. Bg5 e6 7. Qd2 a6 8.
O-O-O Be7 9. f4 Qc7 10. Kb1 b5 11. e5 Nxd4 12. exf6 gxf6 13. Qxd4 e5 14. fxe5
dxe5 15. Qe4 Bb7 16. Nd5 Bxd5 17. Qxd5 Rd8 18. Bxb5+ axb5 19. Qxb5+ Rd7 20. Be3
Bd6 21. Bb6 Qb8 22. Qc6 Ke7 23. Rxd6 Rxd6 24. Bc5 f5 25. Rd1 Rhd8 26. a4 f4 27.
a5 Ke6 28. Rxd6+ Rxd6 29. Bxd6 Qxd6 30. Qxd6+ Kxd6 31. a6 Kc7 32. b4 e4 33. Kc1
h5 34. Kd2 h4 35. Ke2 h3 36. gxh3 f5 37. h4 f3+ 38. Kf2 f4 39. h5 Kb6 40. h6
1-0